| 000 | 00641nam a2200217 a 4500 | ||
|---|---|---|---|
| 001 | 1146701 | ||
| 005 | 20250528175606.0 | ||
| 008 | 950906s1996 wiua b 001 0 eng | ||
| 020 | _a0697233308 | ||
| 050 | 0 | 0 |
_aGV53 _b.B34 1996 |
| 082 | 0 | 0 |
_a790/.01/3509473 _220 |
| 100 | 1 | _aBammel, Gene. | |
| 245 | 1 | 0 |
_aLeisure & human behavior / _cGene Bammel, Lei Lane Burrus-Bammel. |
| 250 | _a3rd ed. | ||
| 260 |
_aMadison : _bBrown & Benchmark, _cc1996. |
||
| 300 |
_axvi, 503 p. : _bill. ; _c24 cm. |
||
| 650 | 0 |
_aLeisure _zUnited States. |
|
| 650 | 0 |
_aLeisure _xPsychological aspects. |
|
| 700 | 2 | _aBurrus-Bammel, Lei Lane. | |
| 942 |
_2lcc _cBK _n0 |
||
| 999 |
_c6016 _d6016 |
||